00305nam a2200121Ia 4500008004100000100003700041245002900078250001200107260002800119650001200147942000700159999001700166190216s9999||||xx |||||||||||||| ||und|| a"Raisinghania M D, Aggarwal R S" 0aAdvanced Hydrow Dynamics a1st Ed. bSulthan Chand &coc1982 aPhysics cBK c32922d32922